Communication Trends in Formation of Institutional Business Environment in Tourism of St. Petersburg

Komunikačné trendy ako dôsledok multiplikačného efektu cestovného ruchu a zohľadňujúce zmeny v inštitucionálnom prostredí cestovného ruchu v rámci nových informačných komunikačných technológií. Stabilné komunikačné trendy v cestovnom ruchu v Petrohrade je: rast počtu informačných turistických stredí...

Descrizione completa

Salvato in:
Dettagli Bibliografici
Autore principale: Vasileva, Olga
Altri autori: Tarakanova, Tamara
Natura: Capitolo di libro
Lingua:inglese
Soggetti:
Tags: Aggiungi Tag
Nessun Tag, puoi essere il primo ad aggiungerne!!

MARC

LEADER 00000naa a2200000 4500
001 0261945
005 20200130104954.1
041 0 |a eng 
044 |a SK 
245 1 0 |a Communication Trends in Formation of Institutional Business Environment in Tourism of St. Petersburg  |c Olga Vasileva, Tamara Tarakanova 
520 |a Komunikačné trendy ako dôsledok multiplikačného efektu cestovného ruchu a zohľadňujúce zmeny v inštitucionálnom prostredí cestovného ruchu v rámci nových informačných komunikačných technológií. Stabilné komunikačné trendy v cestovnom ruchu v Petrohrade je: rast počtu informačných turistických stredísk a mobilných služieb, ktoré uľahčujú prístup k turistickým službám na všetkých úrovniach, rôzne formy spolupráce (blogeri, online udalosti atď.), zlepšenie kvality, rýchlosti a bezpečnosti služieb cestovného ruchu. 
610 2 0 |a komunikácia 
610 2 0 |a ruch cestovný 
610 2 0 |a strediská ruchu cestovného 
610 2 0 |a prostredie podnikateľské 
610 2 0 |a nástroje komunikačné 
100 1 |a Vasileva, Olga 
700 1 |a Tarakanova, Tamara